Русская популярная песня по её первой строке - Statistics

General Stats
  • This quiz has been taken 39 times
  • The average score is 8 of 15
Answer Stats
Question Answer % Correct
"Холодный ветер с дождём усилился стократно..." Батарейка
79%
"Круговая порука мажет, как копоть..." Скованные одной цепью
74%
"Я крашу губы гуталином, я обожаю чёрный цвет..." Опиум для никого
74%
"В провинциальном городке был праздник, музыка играла..." Камнем по голове
71%
"Лица стёрты, краски тусклы..." Марионетки
62%
"В самый полный штиль и в самый сильный ураган ходят в синем море корабли..." Любите, девушки
59%
"Я слышу без конца весёлые призывы: "За веру!", "За царя!" и прочие активы..." Иллюзия свободы
59%
"Свято место не бывает в пустоте..." Солдатами не рождаются
56%
"Он улыбнулся: простой такой и белозубый, незнакомый..." Гагарин, я вас любила
53%
"Полковник Васин приехал на фронт со своей молодой женой..." Поезд в огне
50%
"Побледневшие листья окна зарастают прозрачной водой..." Это всё
47%
"Рвусь из сил и из всех сухожилий..." Охота на волков
41%
"Субботний вечер, и вот опять я собираюсь пойти потанцевать..." Буги-вуги каждый день
38%
"Они говорят, им нельзя рисковать, потому что у них есть дом, в доме горит свет..." Закрой за мной дверь, я ухожу
35%
"Она ушла в шесть вечера с работы, села в свой автобус и поехала домой..." Поезд в сторону Арбатской
18%
No matching quizzes found
Score Distribution
Percent of People with Each Score
Percentile by Number Answered
Your Score History
You have not taken this quiz